| 000 | 00956nam a2200241 a 4500 | ||
|---|---|---|---|
| 001 | 001000132 | ||
| 003 | AM-YeHGA | ||
| 005 | 20250617162758.0 | ||
| 008 | 140131s1959 ru r 000 0 rus d | ||
| 040 | _aAM-YeHGA | ||
| 041 | 0 | _arus | |
| 100 | 1 | _aФилиппов, Сергей Васильевич | |
| 245 | 1 | 0 |
_aЮным натуралистам / _cС. Филиппов; Худ. С.Р. Ковалев. |
| 260 |
_aИркутск : _bИркут. кн. изд-во, _c1959. |
||
| 300 |
_a68 с. : _bрис. ; _c20 см. |
||
| 440 | 0 | _aНаучно-популярная библиотека | |
| 504 | _aБиблиогр.: с. 66-67 | ||
| 650 | 1 | 4 | _aИздания для определенных категорий читателей |
| 650 | 1 | 4 | _aИздания смешанного содержания |
| 650 | 1 | 4 | _aНаучно-популярная литература |
| 700 | 1 |
_aКовалев, С.Р. _eхуд. _4art |
|
| 090 | _c498758 | ||
| 999 |
_c495368 _d495368 |
||